Rezerva na riziko a neurčitost v účetnictví neživotního pojištění

Problematika určenia odhadu trhovej hodnoty poistných aktív a záväzkov označovaného pojmom reálna hodnota. Metodika stanovenia prirážky za riziko negatívnej odchýlky od očakávaných hodnôt. Jeden z možných postupov na stanovenie tejto rizikovej prirážky v neživotnom poistení.

Gespeichert in:
Bibliographische Detailangaben
1. Verfasser: Křivánková, Alice
Format: Buchkapitel
Sprache:Tschechisch
Schlagworte:
Tags: Tag hinzufügen
Keine Tags, Fügen Sie das erste Tag hinzu!

MARC

LEADER 00000naa$a2200000$$$4500
001 0034627
005 20231006074854.6
041 0 |a cze 
044 |a CZ 
245 1 0 |a Rezerva na riziko a neurčitost v účetnictví neživotního pojištění  |c Alice Křivánková 
520 |a Problematika určenia odhadu trhovej hodnoty poistných aktív a záväzkov označovaného pojmom reálna hodnota. Metodika stanovenia prirážky za riziko negatívnej odchýlky od očakávaných hodnôt. Jeden z možných postupov na stanovenie tejto rizikovej prirážky v neživotnom poistení. 
610 2 0 |a poistenie neživotné 
610 2 0 |a účtovníctvo finančné 
610 2 0 |a cash flow 
610 2 0 |a matematika poistná 
610 2 0 |a modelovanie ekonometrické 
610 2 0 |a riziko poistné 
610 2 0 |a plnenie poistné 
610 2 0 |a rezervy poistné 
610 2 0 |a zaistenie 
610 2 0 |a hodnota trhová 
100 1 |a Křivánková, Alice